000 00549nam a22002297a 4500
005 20240605100954.0
008 211125b xxu||||| |||| 00| 0 spa d
020 _a9789962040576
041 _aESP
082 _a747 S487b
100 _aSerrats, Marta
_961939
245 _aLa biblia del diseño de interior
260 _aEspaña
260 _bLexus
260 _c2012
300 _a591 páginas
650 _aDECORACIÓN DE INTERIORES
650 _aDISEÑO DE LA CASA
650 _aDECORACIÓN
942 _cBK
_2ddc
999 _c13179
_d13179